000 01129nam a22003977a 4500
001 BR7304986
003 BR-BrBNA
005 20230928084055.0
007 ta
008 230509b bl.||||| |||| 00| 0 por d
040 _aBR-BrBNA
_bpor
_cBiblioteca Nacional de Agricultura
041 _a(Por)
072 _aE10; E15; E70
_b9320
_b/G514
090 _ 9320 BR7304986
110 1 _aBanco de Desenvolvimento de Minas Gerais, Belo Horizonte (Brasil)
_91074
245 1 _aPrograma de recuperacao e expansao da industria acucareira em Minas Gerais [Brasil]
260 3 _aBelo Horizonte, MG (Brasil):
_c1973.
300 _a77 p.
500 _a45 tables
650 _aACUCAR
650 _aCANA DE ACUCAR
650 _aINDUSTRIA AGRICOLA
650 _aESTATISTICA DE PRODUCAO
650 _aCONSUMO
650 _aDEMANDA
650 _aUSINA ACUCAREIRA
650 _aMERCADO INTERNACIONAL
650 _aFINANCIAMENTO
650 _aCUSTO DE PRODUCAO
650 _aLUCRO
650 _aDESPESA
650 _aPROJETO INDUSTRIAL
650 _aMINAS GERAIS
909 _a202309
_bLucia
_c55
_dLucia Elande
942 _cBK
999 _c16715
_d16715